[Event "DVM U12 2022"]
[Site "München GER"]
[Date "2022.12.28"]
[Round "3"]
[White "Schwitkowski, Luka"]
[Black "Haertel, Leon"]
[Result "0-1"]
[Termination "normal"]
[Board "2.3"]
[WhiteElo "1539"]
[BlackElo "1265"]
[WhiteClock "00:36:36"]
[BlackClock "00:19:20"]
[WhiteTeam "SV Erkenschwick 1923"]
[BlackTeam "Hamburger SK von 1830"]
[PlyCount "66"]
[WhiteFideId "34610669"]
[BlackFideId "34623736"]
[EventCountry "GER"]
[EventRounds "7"]
[EventType "team-swiss"]
[EventDate "2022.12.26"]

1. c4 {[%clk 01:30:35]} {[%emt 00:00:24]} c5 {[%clk 01:30:38]} {[%emt
00:00:22]} 2. Nc3 {[%clk 01:30:59]} {[%emt 00:00:07]} Nc6 {[%clk 01:30:55]}
{[%emt 00:00:14]} 3. g3 {[%clk 01:31:22]} {[%emt 00:00:05]} g6 {[%clk
01:31:00]} {[%emt 00:00:25]} 4. Bg2 {[%clk 01:31:51]} {[%emt 00:00:01]} Bg7
{[%clk 01:31:11]} {[%emt 00:00:19]} 5. d3 {[%clk 01:32:15]} {[%emt 00:00:06]}
e6 {[%clk 01:30:36]} {[%emt 00:01:05]} 6. e4 {[%clk 01:32:38]} {[%emt
00:00:07]} Nge7 {[%clk 01:30:39]} {[%emt 00:00:27]} 7. Nge2 {[%clk 01:33:00]}
{[%emt 00:00:07]} O-O {[%clk 01:30:20]} {[%emt 00:00:50]} 8. O-O {[%clk
01:33:23]} {[%emt 00:00:07]} d6 {[%clk 01:29:07]} {[%emt 00:01:43]} 9. a3
{[%clk 01:33:46]} {[%emt 00:00:07]} a6 {[%clk 01:25:54]} {[%emt 00:03:43]} 10.
Rb1 {[%clk 01:33:58]} {[%emt 00:00:17]} a5 {[%clk 01:15:46]} {[%emt 00:10:39]}
11. Be3 {[%clk 01:30:43]} {[%emt 00:03:44]} e5 {[%clk 00:59:04]} {[%emt
00:17:13]} 12. h3 {[%clk 01:31:08]} {[%emt 00:00:05]} Bd7 {[%clk 00:56:18]}
{[%emt 00:03:16]} 13. Nd5 {[%clk 01:31:20]} {[%emt 00:00:17]} Nxd5 {[%clk
00:55:34]} {[%emt 00:01:15]} 14. exd5 {[%clk 01:31:43]} {[%emt 00:00:07]} Nd4
{[%clk 00:55:39]} {[%emt 00:00:25]} 15. Bxd4 {[%clk 01:31:56]} {[%emt
00:00:16]} exd4 {[%clk 00:54:17]} {[%emt 00:01:53]} 16. b4 {[%clk 01:31:32]}
{[%emt 00:00:50]} b6 {[%clk 00:53:22]} {[%emt 00:01:27]} 17. bxc5 {[%clk
01:31:52]} {[%emt 00:00:11]} bxc5 {[%clk 00:53:14]} {[%emt 00:00:39]} 18. Qc2
{[%clk 01:32:05]} {[%emt 00:00:17]} Qc7 {[%clk 00:44:50]} {[%emt 00:08:54]} 19.
Rb2 {[%clk 01:20:05]} {[%emt 00:12:29]} Rfe8 {[%clk 00:34:11]} {[%emt
00:11:09]} 20. Rfb1 {[%clk 01:20:09]} {[%emt 00:00:25]} Rab8 {[%clk 00:32:37]}
{[%emt 00:02:05]} 21. Qd2 {[%clk 01:19:37]} {[%emt 00:01:02]} a4 {[%clk
00:32:22]} {[%emt 00:00:44]} 22. Kh2 {[%clk 01:08:50]} {[%emt 00:11:18]} Rxb2
{[%clk 00:29:34]} {[%emt 00:03:19]} 23. Rxb2 {[%clk 01:09:09]} {[%emt
00:00:12]} Rb8 {[%clk 00:29:43]} {[%emt 00:00:21]} 24. Kg1 {[%clk 01:01:09]}
{[%emt 00:08:29]} Rxb2 {[%clk 00:29:34]} {[%emt 00:00:39]} 25. Qxb2 {[%clk
01:01:36]} {[%emt 00:00:03]} h6 {[%clk 00:29:17]} {[%emt 00:00:48]} 26. g4
{[%clk 00:59:34]} {[%emt 00:02:29]} f5 {[%clk 00:25:58]} {[%emt 00:03:51]} 27.
f3 {[%clk 00:56:28]} {[%emt 00:03:37]} Kh7 {[%clk 00:25:40]} {[%emt 00:00:48]}
28. Kf2 {[%clk 00:54:50]} {[%emt 00:02:07]} Qd8 {[%clk 00:24:09]} {[%emt
00:01:57]} 29. Bf1 {[%clk 00:37:43]} {[%emt 00:17:41]} Qh4 {[%clk 00:23:22]}
{[%emt 00:01:17]} 30. Kg2 {[%clk 00:37:57]} {[%emt 00:00:14]} fxg4 {[%clk
00:23:17]} {[%emt 00:00:37]} 31. fxg4 {[%clk 00:37:54]} {[%emt 00:00:32]} h5
{[%clk 00:20:47]} {[%emt 00:03:00]} 32. Qb7 {[%clk 00:38:02]} {[%emt 00:00:22]}
Qe7 {[%clk 00:19:10]} {[%emt 00:01:50]} 33. gxh5 {[%clk 00:36:36]} {[%emt
00:02:13]} Bxh3 {[%clk 00:19:20]} {[%emt 00:00:20]} 0-1

[Event "DVM U12 2022"]
[Site "München GER"]
[Date "2022.12.28"]
[Round "3"]
[White "Heil, Felix"]
[Black "Al Marawi, Yousef"]
[Result "0-1"]
[Termination "normal"]
[Board "2.4"]
[WhiteElo "1395"]
[BlackElo "1545"]
[WhiteClock "01:12:46"]
[BlackClock "00:32:29"]
[WhiteTeam "Hamburger SK von 1830"]
[BlackTeam "SV Erkenschwick 1923"]
[PlyCount "68"]
[WhiteFideId "34604901"]
[BlackFideId "34607420"]
[EventCountry "GER"]
[EventRounds "7"]
[EventType "team-swiss"]
[EventDate "2022.12.26"]

1. e4 {[%clk 01:30:57]} {[%emt 00:00:02]} e6 {[%clk 01:30:56]} {[%emt
00:00:05]} 2. Nc3 {[%clk 01:31:19]} {[%emt 00:00:06]} d5 {[%clk 01:31:20]}
{[%emt 00:00:07]} 3. exd5 {[%clk 01:31:30]} {[%emt 00:00:20]} exd5 {[%clk
01:31:39]} {[%emt 00:00:10]} 4. d4 {[%clk 01:31:48]} {[%emt 00:00:12]} Nf6
{[%clk 01:32:03]} {[%emt 00:00:07]} 5. Nf3 {[%clk 01:31:55]} {[%emt 00:00:23]}
Bd6 {[%clk 01:32:02]} {[%emt 00:00:30]} 6. Bg5 {[%clk 01:32:02]} {[%emt
00:00:24]} c6 {[%clk 01:32:23]} {[%emt 00:00:09]} 7. Bd3 {[%clk 01:31:56]}
{[%emt 00:00:35]} O-O {[%clk 01:32:18]} {[%emt 00:00:36]} 8. O-O {[%clk
01:32:20]} {[%emt 00:00:06]} Bg4 {[%clk 01:31:04]} {[%emt 00:01:43]} 9. h3
{[%clk 01:32:17]} {[%emt 00:00:33]} Bh5 {[%clk 01:31:23]} {[%emt 00:00:12]} 10.
Re1 {[%clk 01:31:34]} {[%emt 00:01:12]} Nbd7 {[%clk 01:30:43]} {[%emt
00:01:10]} 11. Nb1 {[%clk 01:30:37]} {[%emt 00:01:26]} Qc7 {[%clk 01:29:39]}
{[%emt 00:01:34]} 12. Nbd2 {[%clk 01:30:40]} {[%emt 00:00:27]} h6 {[%clk
01:28:28]} {[%emt 00:01:41]} 13. Bh4 {[%clk 01:30:55]} {[%emt 00:00:15]} g5
{[%clk 01:25:00]} {[%emt 00:03:58]} 14. Bg3 {[%clk 01:25:05]} {[%emt 00:06:20]}
Bxg3 {[%clk 01:23:36]} {[%emt 00:01:54]} 15. fxg3 {[%clk 01:24:29]} {[%emt
00:01:06]} Qxg3 {[%clk 01:23:12]} {[%emt 00:00:54]} 16. Nf1 {[%clk 01:23:40]}
{[%emt 00:01:19]} Qf4 {[%clk 01:20:11]} {[%emt 00:03:32]} 17. Re3 {[%clk
01:21:06]} {[%emt 00:02:57]} Ne4 {[%clk 00:48:55]} {[%emt 00:31:52]} 18. g4
{[%clk 01:18:45]} {[%emt 00:02:52]} Bg6 {[%clk 00:38:52]} {[%emt 00:10:33]} 19.
Kg2 {[%clk 01:16:57]} {[%emt 00:02:18]} f5 {[%clk 00:35:44]} {[%emt 00:03:38]}
20. gxf5 {[%clk 01:15:23]} {[%emt 00:02:03]} Bxf5 {[%clk 00:35:51]} {[%emt
00:00:24]} 21. c3 {[%clk 01:14:48]} {[%emt 00:01:05]} Bxh3 {[%clk 00:35:04]}
{[%emt 00:01:18]} 22. Kxh3 {[%clk 01:11:44]} {[%emt 00:03:34]} Nf2 {[%clk
00:35:22]} {[%emt 00:00:13]} 23. Kg2 {[%clk 01:11:06]} {[%emt 00:01:08]} Nxd1
{[%clk 00:35:27]} {[%emt 00:00:25]} 24. Rxd1 {[%clk 01:11:29]} {[%emt
00:00:07]} Rae8 {[%clk 00:35:33]} {[%emt 00:00:23]} 25. Ne5 {[%clk 01:11:16]}
{[%emt 00:00:43]} Nxe5 {[%clk 00:35:21]} {[%emt 00:00:42]} 26. dxe5 {[%clk
01:11:37]} {[%emt 00:00:08]} Rxe5 {[%clk 00:35:04]} {[%emt 00:00:47]} 27. Rxe5
{[%clk 01:11:18]} {[%emt 00:00:49]} Qxe5 {[%clk 00:34:49]} {[%emt 00:00:45]}
28. Ng3 {[%clk 01:11:25]} {[%emt 00:00:23]} Qf4 {[%clk 00:33:28]} {[%emt
00:01:41]} 29. Rf1 {[%clk 01:11:43]} {[%emt 00:00:22]} Qd2 {[%clk 00:33:34]}
{[%emt 00:00:22]} 30. Be2 {[%clk 01:12:05]} {[%emt 00:00:10]} Rxf1 {[%clk
00:33:08]} {[%emt 00:00:57]} 31. Kxf1 {[%clk 01:12:31]} {[%emt 00:00:05]} Qxb2
{[%clk 00:33:09]} {[%emt 00:00:28]} 32. c4 {[%clk 01:12:25]} {[%emt 00:00:35]}
dxc4 {[%clk 00:32:37]} {[%emt 00:01:02]} 33. Nf5 {[%clk 01:12:33]} {[%emt
00:00:22]} Qb1 {[%clk 00:32:29]} {[%emt 00:00:37]} 34. Kf2 {[%clk 01:12:46]}
{[%emt 00:00:19]} Qxf5 {[%emt 00:00:20]} 0-1

[Event "DVM U12 2022"]
[Site "München GER"]
[Date "2022.12.28"]
[Round "3"]
[White "Ollhoff, Hannes"]
[Black "Jung, Niklas"]
[Result "1/2-1/2"]
[Termination "normal"]
[Board "3.2"]
[WhiteElo "1247"]
[BlackElo "1426"]
[WhiteClock "00:01:09"]
[BlackClock "00:03:53"]
[WhiteTeam "TSG Oberschöneweide"]
[BlackTeam "SC Untergrombach 46"]
[PlyCount "77"]
[WhiteFideId "16266927"]
[BlackFideId "16280601"]
[EventCountry "GER"]
[EventRounds "7"]
[EventType "team-swiss"]
[EventDate "2022.12.26"]

1. d4 {[%clk 01:30:56]} {[%emt 00:00:03]} d5 {[%clk 01:30:55]} {[%emt
00:00:05]} 2. c4 {[%clk 01:31:12]} {[%emt 00:00:14]} c6 {[%clk 01:31:19]}
{[%emt 00:00:06]} 3. cxd5 {[%clk 01:31:20]} {[%emt 00:00:23]} cxd5 {[%clk
01:31:38]} {[%emt 00:00:10]} 4. Bg5 {[%clk 01:31:32]} {[%emt 00:00:17]} Nc6
{[%clk 01:31:31]} {[%emt 00:00:37]} 5. Nf3 {[%clk 01:30:33]} {[%emt 00:01:29]}
Bg4 {[%clk 01:30:36]} {[%emt 00:01:25]} 6. e3 {[%clk 01:28:18]} {[%emt
00:02:45]} Qb6 {[%clk 01:27:31]} {[%emt 00:03:34]} 7. Qc2 {[%clk 01:20:54]}
{[%emt 00:07:55]} e6 {[%clk 01:24:55]} {[%emt 00:03:07]} 8. Nc3 {[%clk
01:16:44]} {[%emt 00:04:40]} Be7 {[%clk 01:23:50]} {[%emt 00:01:35]} 9. Bf4
{[%clk 01:14:59]} {[%emt 00:02:14]} Nf6 {[%clk 01:23:37]} {[%emt 00:00:43]} 10.
Bd3 {[%clk 01:14:16]} {[%emt 00:01:13]} O-O {[%clk 01:21:20]} {[%emt 00:02:47]}
11. a3 {[%clk 01:07:20]} {[%emt 00:07:27]} Rac8 {[%clk 01:17:12]} {[%emt
00:04:38]} 12. O-O {[%clk 01:02:20]} {[%emt 00:05:31]} Bxf3 {[%clk 01:15:10]}
{[%emt 00:02:30]} 13. gxf3 {[%clk 01:02:11]} {[%emt 00:00:40]} Qd8 {[%clk
01:09:27]} {[%emt 00:06:13]} 14. Kh1 {[%clk 00:57:40]} {[%emt 00:05:02]} Bd6
{[%clk 01:07:40]} {[%emt 00:02:17]} 15. Bg5 {[%clk 00:54:06]} {[%emt 00:04:03]}
h6 {[%clk 01:05:23]} {[%emt 00:02:48]} 16. Bh4 {[%clk 00:52:23]} {[%emt
00:02:13]} Kh8 {[%clk 00:53:30]} {[%emt 00:12:23]} 17. f4 {[%clk 00:47:24]}
{[%emt 00:05:29]} Be7 {[%clk 00:51:10]} {[%emt 00:02:50]} 18. f3 {[%clk
00:43:34]} {[%emt 00:04:19]} Nh5 {[%clk 00:45:52]} {[%emt 00:05:48]} 19. Bxe7
{[%clk 00:39:06]} {[%emt 00:04:59]} Qxe7 {[%clk 00:45:51]} {[%emt 00:00:31]}
20. Qf2 {[%clk 00:38:42]} {[%emt 00:00:51]} f5 {[%clk 00:40:55]} {[%emt
00:05:30]} 21. Rg1 {[%clk 00:32:24]} {[%emt 00:06:48]} Qf7 {[%clk 00:37:13]}
{[%emt 00:04:12]} 22. Ne2 {[%clk 00:27:07]} {[%emt 00:05:46]} Ne7 {[%clk
00:30:19]} {[%emt 00:07:24]} 23. Rg2 {[%clk 00:22:24]} {[%emt 00:05:14]} Ng8
{[%clk 00:27:40]} {[%emt 00:03:09]} 24. Rag1 {[%clk 00:19:43]} {[%emt
00:03:10]} Rc7 {[%clk 00:25:53]} {[%emt 00:02:17]} 25. Qh4 {[%clk 00:15:06]}
{[%emt 00:05:05]} Ngf6 {[%clk 00:19:58]} {[%emt 00:06:27]} 26. Ng3 {[%clk
00:10:16]} {[%emt 00:05:20]} Kh7 {[%clk 00:13:11]} {[%emt 00:07:16]} 27. Nxh5
{[%clk 00:01:26]} {[%emt 00:09:20]} Qxh5 {[%clk 00:11:39]} {[%emt 00:02:03]}
28. Qxh5 {[%clk 00:00:59]} {[%emt 00:00:58]} Nxh5 {[%clk 00:11:58]} {[%emt
00:00:10]} 29. Rg6 {[%clk 00:01:07]} {[%emt 00:00:20]} Rf6 {[%clk 00:09:53]}
{[%emt 00:02:36]} 30. Rxf6 {[%clk 00:01:02]} {[%emt 00:00:36]} Nxf6 {[%clk
00:10:18]} {[%emt 00:00:05]} 31. Kg2 {[%clk 00:00:50]} {[%emt 00:00:42]} Kg8
{[%clk 00:09:57]} {[%emt 00:00:51]} 32. Kf2 {[%clk 00:01:03]} {[%emt 00:00:18]}
Kf7 {[%clk 00:10:10]} {[%emt 00:00:16]} 33. Ke2 {[%clk 00:01:11]} {[%emt
00:00:23]} Ne8 {[%clk 00:08:16]} {[%emt 00:02:24]} 34. Kd2 {[%clk 00:00:57]}
{[%emt 00:00:45]} Nd6 {[%clk 00:06:54]} {[%emt 00:01:51]} 35. b3 {[%clk
00:00:59]} {[%emt 00:00:28]} b6 {[%clk 00:05:35]} {[%emt 00:01:49]} 36. h4
{[%clk 00:00:54]} {[%emt 00:00:35]} Ne8 {[%clk 00:03:30]} {[%emt 00:02:34]} 37.
Bb5 {[%clk 00:00:44]} {[%emt 00:00:40]} Nd6 {[%clk 00:03:34]} {[%emt 00:00:26]}
38. Bd3 {[%clk 00:01:09]} {[%emt 00:00:05]} Ne8 {[%clk 00:03:53]} {[%emt
00:00:11]} 39. Bb5 {[%emt 00:00:12]} 1/2-1/2

[Event "DVM U12 2022"]
[Site "München GER"]
[Date "2022.12.28"]
[Round "3"]
[White "Wettstein, Levin"]
[Black "Schriefer, Leo Hans"]
[Result "0-1"]
[Termination "normal"]
[Board "3.3"]
[WhiteElo "1193"]
[BlackElo "1048"]
[WhiteClock "01:00:25"]
[BlackClock "01:14:18"]
[WhiteTeam "SC Untergrombach 46"]
[BlackTeam "TSG Oberschöneweide"]
[PlyCount "98"]
[WhiteFideId "34635866"]
[BlackFideId "16266935"]
[EventCountry "GER"]
[EventRounds "7"]
[EventType "team-swiss"]
[EventDate "2022.12.26"]

1. e4 {[%clk 01:30:59]} c5 {[%clk 01:31:00]} 2. Nc3 {[%clk 01:31:21]} {[%emt
00:00:09]} g6 {[%clk 01:31:27]} {[%emt 00:00:03]} 3. Nf3 {[%clk 01:31:25]}
{[%emt 00:00:25]} Bg7 {[%clk 01:31:51]} {[%emt 00:00:07]} 4. d4 {[%clk
01:31:39]} {[%emt 00:00:16]} cxd4 {[%clk 01:32:16]} {[%emt 00:00:05]} 5. Nxd4
{[%clk 01:32:00]} {[%emt 00:00:09]} Nc6 {[%clk 01:32:26]} {[%emt 00:00:20]} 6.
Be3 {[%clk 01:32:03]} {[%emt 00:00:27]} Nf6 {[%clk 01:32:25]} {[%emt 00:00:31]}
7. Nxc6 {[%clk 01:31:06]} {[%emt 00:01:27]} bxc6 {[%clk 01:32:41]} {[%emt
00:00:13]} 8. Bc4 {[%clk 01:30:44]} {[%emt 00:00:52]} O-O {[%clk 01:32:57]}
{[%emt 00:00:14]} 9. h3 {[%clk 01:30:18]} {[%emt 00:00:55]} Bb7 {[%clk
01:33:05]} {[%emt 00:00:23]} 10. O-O {[%clk 01:29:47]} {[%emt 00:01:01]} d5
{[%clk 01:33:16]} {[%emt 00:00:20]} 11. exd5 {[%clk 01:29:50]} {[%emt
00:00:27]} cxd5 {[%clk 01:33:39]} {[%emt 00:00:07]} 12. Be2 {[%clk 01:29:42]}
{[%emt 00:00:39]} a6 {[%clk 01:31:17]} {[%emt 00:02:52]} 13. Qd3 {[%clk
01:27:14]} {[%emt 00:02:57]} Nd7 {[%clk 01:26:28]} {[%emt 00:05:15]} 14. Rad1
{[%clk 01:25:50]} {[%emt 00:01:58]} Ne5 {[%clk 01:26:42]} {[%emt 00:00:16]} 15.
Qd2 {[%clk 01:24:58]} {[%emt 00:01:22]} e6 {[%clk 01:26:29]} {[%emt 00:00:41]}
16. Bd4 {[%clk 01:22:24]} {[%emt 00:03:05]} Rc8 {[%clk 01:25:13]} {[%emt
00:01:37]} 17. Qe3 {[%clk 01:19:43]} {[%emt 00:03:20]} Nc4 {[%clk 01:25:09]}
{[%emt 00:00:31]} 18. Bxc4 {[%clk 01:18:53]} {[%emt 00:01:23]} Rxc4 {[%clk
01:25:21]} {[%emt 00:00:16]} 19. Bxg7 {[%clk 01:18:37]} {[%emt 00:00:47]} Kxg7
{[%clk 01:25:19]} {[%emt 00:00:31]} 20. Qd3 {[%clk 01:17:18]} {[%emt 00:01:50]}
Qf6 {[%clk 01:21:12]} {[%emt 00:04:27]} 21. a3 {[%clk 01:14:15]} {[%emt
00:03:43]} Rfc8 {[%clk 01:21:04]} {[%emt 00:00:36]} 22. Qd2 {[%clk 01:12:22]}
{[%emt 00:02:25]} d4 {[%clk 01:19:01]} {[%emt 00:02:32]} 23. Nb1 {[%clk
01:10:48]} {[%emt 00:02:04]} Rxc2 {[%clk 01:18:46]} {[%emt 00:00:44]} 24. Qb4
{[%clk 01:09:52]} {[%emt 00:01:27]} Bd5 {[%clk 01:16:38]} {[%emt 00:02:36]} 25.
Rxd4 {[%clk 01:03:55]} {[%emt 00:06:30]} R8c4 {[%clk 01:15:19]} {[%emt
00:01:49]} 26. Rxc4 {[%clk 01:02:14]} {[%emt 00:02:11]} Bxc4 {[%clk 01:14:36]}
{[%emt 00:01:13]} 27. Qa4 {[%clk 01:00:58]} {[%emt 00:01:46]} Qxb2 {[%clk
01:14:29]} {[%emt 00:00:35]} 28. Nd2 {[%clk 00:59:58]} {[%emt 00:01:31]} Bxf1
{[%clk 01:14:05]} {[%emt 00:00:55]} 29. Nxf1 {[%clk 00:59:46]} {[%emt
00:00:42]} Rxf2 {[%clk 01:13:48]} {[%emt 00:00:45]} 30. Qd1 {[%clk 00:59:00]}
{[%emt 00:01:17]} Rxg2 {[%clk 01:13:54]} {[%emt 00:00:24]} 31. Kh1 {[%clk
00:59:04]} {[%emt 00:00:27]} Rc2 {[%clk 01:12:40]} {[%emt 00:01:32]} 32. Qf3
{[%clk 00:58:37]} {[%emt 00:01:09]} Qc3 {[%clk 01:11:27]} {[%emt 00:01:27]} 33.
Qg4 {[%clk 00:57:14]} {[%emt 00:02:09]} Qc4 {[%clk 01:09:42]} {[%emt 00:01:37]}
34. Qf3 {[%clk 00:56:46]} {[%emt 00:01:35]} Qd5 {[%clk 01:08:54]} {[%emt
00:01:19]} 35. Qxd5 {[%clk 00:56:45]} {[%emt 00:00:31]} exd5 {[%clk 01:09:19]}
{[%emt 00:00:05]} 36. Ne3 {[%clk 00:57:02]} {[%emt 00:00:12]} Rc3 {[%clk
01:09:29]} {[%emt 00:00:17]} 37. Nxd5 {[%clk 00:57:21]} {[%emt 00:00:15]} Rxh3
{[%clk 01:09:42]} {[%emt 00:00:17]} 38. Kg2 {[%clk 00:57:42]} {[%emt 00:00:09]}
Rxa3 {[%clk 01:10:07]} {[%emt 00:00:05]} 39. Nb4 {[%clk 00:57:54]} {[%emt
00:00:18]} a5 {[%clk 01:10:21]} {[%emt 00:00:16]} 40. Nc2 {[%clk 00:58:04]}
{[%emt 00:00:20]} Ra2 {[%clk 01:10:45]} {[%emt 00:00:06]} 41. Kf3 {[%clk
00:58:13]} {[%emt 00:00:21]} Rxc2 {[%clk 01:11:09]} {[%emt 00:00:06]} 42. Ke3
{[%clk 00:58:31]} {[%emt 00:00:12]} a4 {[%clk 01:11:35]} {[%emt 00:00:05]} 43.
Kd3 {[%clk 00:58:51]} {[%emt 00:00:09]} Rc6 {[%clk 01:11:58]} {[%emt 00:00:07]}
44. Kd2 {[%clk 00:59:07]} {[%emt 00:00:15]} a3 {[%clk 01:12:24]} {[%emt
00:00:05]} 45. Kd3 {[%clk 00:59:32]} {[%emt 00:00:05]} a2 {[%clk 01:12:50]}
{[%emt 00:00:04]} 46. Kd2 {[%clk 00:59:52]} {[%emt 00:00:10]} a1=Q {[%clk
01:13:14]} {[%emt 00:00:06]} 47. Ke2 {[%clk 01:00:09]} {[%emt 00:00:12]} Rc3
{[%clk 01:13:30]} {[%emt 00:00:13]} 48. Kd2 {[%clk 01:00:07]} {[%emt 00:00:33]}
Qb2 {[%clk 01:13:53]} {[%emt 00:00:07]} 49. Kd1 {[%clk 01:00:25]} {[%emt
00:00:12]} Rc1# {[%clk 01:14:18]} {[%emt 00:00:05]} 0-1

[Event "DVM U12 2022"]
[Site "München GER"]
[Date "2022.12.28"]
[Round "3"]
[White "Schucht, Adrian"]
[Black "Tritschler, Marek"]
[Result "0-1"]
[Termination "normal"]
[Board "3.4"]
[WhiteElo "1235"]
[BlackElo "997"]
[WhiteClock "00:18:16"]
[BlackClock "01:16:55"]
[WhiteTeam "TSG Oberschöneweide"]
[BlackTeam "SC Untergrombach 46"]
[PlyCount "74"]
[WhiteFideId "34605061"]
[BlackFideId "34640550"]
[EventCountry "GER"]
[EventRounds "7"]
[EventType "team-swiss"]
[EventDate "2022.12.26"]

1. e4 {[%clk 01:30:53]} {[%emt 00:00:06]} e5 {[%clk 01:30:55]} {[%emt
00:00:05]} 2. Nf3 {[%clk 01:31:19]} {[%emt 00:00:05]} Nc6 {[%clk 01:31:17]}
{[%emt 00:00:08]} 3. d4 {[%clk 01:31:44]} {[%emt 00:00:05]} exd4 {[%clk
01:31:41]} {[%emt 00:00:06]} 4. Nxd4 {[%clk 01:32:09]} {[%emt 00:00:05]} Nf6
{[%clk 01:32:03]} {[%emt 00:00:08]} 5. Nxc6 {[%clk 01:32:24]} {[%emt 00:00:15]}
bxc6 {[%clk 01:32:23]} {[%emt 00:00:09]} 6. Bd3 {[%clk 01:32:36]} {[%emt
00:00:18]} Qe7 {[%clk 01:30:55]} {[%emt 00:01:58]} 7. Nc3 {[%clk 01:31:17]}
{[%emt 00:01:49]} g6 {[%clk 01:30:58]} {[%emt 00:00:27]} 8. O-O {[%clk
01:30:49]} {[%emt 00:00:58]} Bg7 {[%clk 01:31:21]} {[%emt 00:00:07]} 9. f4
{[%clk 01:29:03]} {[%emt 00:02:17]} O-O {[%clk 01:31:13]} {[%emt 00:00:36]} 10.
Qf3 {[%clk 01:27:11]} {[%emt 00:02:23]} Bb7 {[%clk 01:30:20]} {[%emt 00:01:22]}
11. Re1 {[%clk 01:20:55]} {[%emt 00:06:47]} d5 {[%clk 01:28:28]} {[%emt
00:02:21]} 12. e5 {[%clk 01:19:00]} {[%emt 00:02:25]} Rfe8 {[%clk 01:27:58]}
{[%emt 00:01:00]} 13. Bd2 {[%clk 01:18:45]} {[%emt 00:00:45]} Nd7 {[%clk
01:27:47]} {[%emt 00:00:40]} 14. Ne2 {[%clk 01:03:59]} {[%emt 00:15:16]} Rab8
{[%clk 01:23:18]} {[%emt 00:04:59]} 15. Qf2 {[%clk 01:02:10]} {[%emt 00:02:20]}
f6 {[%clk 01:23:07]} {[%emt 00:00:40]} 16. exf6 {[%clk 00:59:01]} {[%emt
00:03:40]} Bxf6 {[%clk 01:22:48]} {[%emt 00:00:48]} 17. Nc3 {[%clk 00:56:59]}
{[%emt 00:02:33]} Qf7 {[%clk 01:22:34]} {[%emt 00:00:43]} 18. Qxa7 {[%clk
00:56:42]} {[%emt 00:00:47]} Be7 {[%clk 01:22:32]} {[%emt 00:00:32]} 19. Qf2
{[%clk 00:53:28]} {[%emt 00:03:44]} Nc5 {[%clk 01:21:24]} {[%emt 00:01:37]} 20.
Qf3 {[%clk 00:51:24]} {[%emt 00:02:36]} Ba6 {[%clk 01:20:41]} {[%emt 00:01:09]}
21. Bxa6 {[%clk 00:50:40]} {[%emt 00:01:18]} Nxa6 {[%clk 01:20:28]} {[%emt
00:00:42]} 22. b3 {[%clk 00:50:19]} {[%emt 00:00:51]} Nb4 {[%clk 01:20:29]}
{[%emt 00:00:28]} 23. Rec1 {[%clk 00:47:40]} {[%emt 00:03:10]} Qf5 {[%clk
01:17:31]} {[%emt 00:03:27]} 24. g4 {[%clk 00:45:51]} {[%emt 00:02:20]} Bc5
{[%clk 01:17:19]} {[%emt 00:00:41]} 25. Kf1 {[%clk 00:44:50]} {[%emt 00:01:25]}
Qf6 {[%clk 01:16:57]} {[%emt 00:00:57]} 26. Na4 {[%clk 00:44:26]} {[%emt
00:00:55]} Bd6 {[%clk 01:16:18]} {[%emt 00:01:08]} 27. a3 {[%clk 00:42:07]}
{[%emt 00:02:49]} Na6 {[%clk 01:16:19]} {[%emt 00:00:29]} 28. Qc3 {[%clk
00:39:33]} {[%emt 00:03:06]} Qxc3 {[%clk 01:15:24]} {[%emt 00:01:24]} 29. Nxc3
{[%clk 00:39:49]} {[%emt 00:00:15]} Rf8 {[%clk 01:15:42]} {[%emt 00:00:12]} 30.
Ne2 {[%clk 00:39:41]} {[%emt 00:00:39]} g5 {[%clk 01:15:59]} {[%emt 00:00:12]}
31. f5 {[%clk 00:39:44]} {[%emt 00:00:26]} Bxh2 {[%clk 01:15:58]} {[%emt
00:00:31]} 32. Bxg5 {[%clk 00:39:53]} {[%emt 00:00:21]} Rbe8 {[%clk 01:15:42]}
{[%emt 00:00:46]} 33. Rd1 {[%clk 00:37:38]} {[%emt 00:02:46]} h5 {[%clk
01:16:01]} {[%emt 00:00:10]} 34. gxh5 {[%clk 00:31:14]} {[%emt 00:06:54]} Rxf5
{[%clk 01:16:18]} {[%emt 00:00:12]} 35. Ke1 {[%clk 00:20:24]} {[%emt 00:11:21]}
Rxg5 {[%clk 01:16:27]} {[%emt 00:00:21]} 36. Kd2 {[%clk 00:18:16]} {[%emt
00:02:38]} Rg2 {[%clk 01:16:40]} {[%emt 00:00:17]} 37. Re1 {[%clk 00:18:16]}
{[%emt 00:00:30]} Bg3 {[%clk 01:16:55]} {[%emt 00:00:14]} 0-1